Educación intercultural : una visión crítica de la cultura /

Saved in:
Bibliographic Details
Main Author: Ruiz Román, Cristóbal.
Format: Book
Language:Spanish
Published: Barcelona : Octaedro, 2003.
Edition:1. ed.
Series:Biblioteca latinoamericana de educación ; núm. 12.
Subjects:
Tags: Add Tag
No Tags, Be the first to tag this record!
LEADER 00797aam a22002414a 4500
001 009791104-6
005 20051128092135.0
008 030303s2003 sp b 000 0 spa d
020 |a 848063569X 
035 0 |a ocm51816896 
040 |a PL#  |b spa  |c PL#  |d I5B  |d UNAMX 
050 1 4 |a LC1099  |b R85 
100 1 |a Ruiz Román, Cristóbal. 
245 1 0 |a Educación intercultural :  |b una visión crítica de la cultura /  |c Cristóbal Ruiz Román. 
250 |a 1. ed. 
260 |a Barcelona :  |b Octaedro,  |c 2003. 
300 |a 153 p. ;  |c 23 cm. 
490 1 |a Biblioteca latinoamericana de educación ;  |v núm. 12 
504 |a Includes bibliographical references (p. 149-153) 
650 0 |a Multicultural education. 
830 0 |a Biblioteca latinoamericana de educación ;  |v núm. 12. 
988 |a 20051101 
906 |0 OCLC